[Event "26. Copenhagen Open  (Politiken Cup)"]
[Site "Taastrup"]
[Date "2004.07.26"]
[Round "4"]
[White "Sigurdsson, Thorgeir"]
[Black "Baark, Mathias"]
[Result "0-1"]
[WhiteElo "1200"]
[BlackElo "1811"]
[PlyCount "68"]
[EventDate "2004.07.24"]
[EventType "swiss"]
[EventRounds "10"]
[EventCountry "DEN"]
[SourceDate "2004.01.01"]

1. e4 d5 2. exd5 Qxd5 3. Nc3 Qa5 4. a3 c5 5. Nf3 Nf6 6. d4 e6 7. Bb5+ Bd7 8.
Bxd7+ Nbxd7 9. dxc5 Bxc5 10. Bd2 Be7 11. O-O O-O 12. b4 Qf5 13. Re1 h6 14. Nd4
Qg6 15. Re3 a6 16. Rg3 Qh7 17. Qc1 Kh8 18. Rh3 Ng8 19. Nf3 Rac8 20. Ra2 Rc4 21.
Nd1 f5 22. Nb2 Rg4 23. Nd3 Bf6 24. Bf4 Rd8 25. Qe3 e5 26. Nfxe5 Nxe5 27. Bxe5
Re4 28. Qc1 Bxe5 29. f4 Bd4+ 30. Kf1 Nf6 31. c3 Rc8 32. Rc2 Ba7 33. Rf3 Ng4 34.
h3 Nh2# 0-1

[Event "26. Copenhagen Open  (Politiken Cup)"]
[Site "Taastrup"]
[Date "2004.07.26"]
[Round "4"]
[White "Skjoldager, Flemming"]
[Black "Jensen, Sren"]
[Result "1-0"]
[WhiteElo "2088"]
[BlackElo "1609"]
[PlyCount "135"]
[EventDate "2004.07.24"]
[EventType "swiss"]
[EventRounds "10"]
[EventCountry "DEN"]
[SourceDate "2004.01.01"]

1. e4 c6 2. d4 d5 3. Nc3 dxe4 4. Nxe4 Bf5 5. Ng3 Bg6 6. Bc4 Nf6 7. N1e2 e6 8.
O-O Bd6 9. c3 O-O 10. Nf4 Re8 11. Nxg6 hxg6 12. Qf3 Nbd7 13. Bf4 e5 14. dxe5
Nxe5 15. Bxe5 Bxe5 16. Rfd1 Qc7 17. Nf1 Rad8 18. g3 Rxd1 19. Rxd1 Rd8 20. Ne3
Rxd1+ 21. Qxd1 Qd7 22. Qc2 a6 23. Qxg6 Kf8 24. Qg5 Bc7 25. Nf5 Qd1+ 26. Kg2 Qg4
27. Qxg4 Nxg4 28. Be2 Nf6 29. Kf3 g6 30. Nd4 Ke7 31. Ke3 Nd5+ 32. Kd3 f5 33. f4
Bb6 34. Bf3 Nf6 35. b4 Kd6 36. c4 Kd7 37. c5 Bc7 38. h4 Ke7 39. h5 gxh5 40.
Nxf5+ Kf7 41. Kd4 a5 42. a3 axb4 43. axb4 Kg6 44. Be4 Nxe4 45. Kxe4 Bd8 46.
Nh4+ Kf6 47. Nf3 b6 48. cxb6 Bxb6 49. Ne5 Ke6 50. Nxc6 Bf2 51. Nd4+ Kd7 52. Nf5
Kc6 53. Kf3 Be1 54. Ng7 h4 55. g4 Bxb4 56. g5 Kd7 57. Kg4 Ke7 58. Kxh4 Kf7 59.
Nf5 Kg6 60. Kg4 Bc5 61. Nh4+ Kf7 62. f5 Bd4 63. Ng2 Bb2 64. Nf4 Kg8 65. f6 Kf7
66. Kf5 Kf8 67. Kg6 Ba3 68. Ne6+ 1-0

[Event "26. Copenhagen Open  (Politiken Cup)"]
[Site "Taastrup"]
[Date "2004.07.26"]
[Round "4"]
[White "Skovgaard, Peter Nicolai"]
[Black "Jaeger, Frode Bull"]
[Result "1-0"]
[WhiteElo "2116"]
[BlackElo "2035"]
[PlyCount "125"]
[EventDate "2004.07.24"]
[EventType "swiss"]
[EventRounds "10"]
[EventCountry "DEN"]
[SourceDate "2004.01.01"]

1. e4 e5 2. Nf3 Nc6 3. Nc3 Nf6 4. a3 d5 5. Bb5 Nxe4 6. Nxe5 Qf6 7. Nd3 Nxc3 8.
dxc3 Be6 9. Bf4 Rc8 10. Qd2 a6 11. Bxc6+ bxc6 12. Nb4 Bxb4 13. axb4 O-O 14. O-O
Ra8 15. Bxc7 Qe7 16. Bb6 Rfe8 17. Rfe1 Qb7 18. Bd4 f6 19. Qd3 Bf7 20. h3 Rxe1+
21. Rxe1 Bg6 22. Qg3 Qd7 23. h4 Kf7 24. Bc5 Re8 25. Ra1 Qb7 26. Qd6 Qc8 27. b5
axb5 28. f3 Qe6 29. Ra7+ Kg8 30. Qxe6+ Rxe6 31. Kf2 h5 32. g4 Bxc2 33. gxh5 Bd3
34. Kg3 Re5 35. Rc7 Rxh5 36. Rxc6 Re5 37. Rc8+ Kh7 38. Bf8 Re1 39. Rc7 Rg1+ 40.
Kf2 Rg6 41. Bc5 Rh6 42. Bd4 Kg6 43. Kg3 Kf5 44. Be3 Rh7 45. Re7 Bc4 46. Bd2 Bd3
47. Be1 Bc2 48. Re2 Bd1 49. Re7 Bc2 50. Rb7 Bd3 51. Kf2 Ke6 52. Ke3 Bc4 53. Bg3
Bf1 54. b3 f5 55. Rb6+ Ke7 56. Rd6 Rxh4 57. Rxd5 Ke6 58. Rd1 f4+ 59. Bxf4 Bh3
60. Rd6+ Kf7 61. Rd5 Bf1 62. Bg3 Rh1 63. Kf2 1-0

[Event "26. Copenhagen Open  (Politiken Cup)"]
[Site "Taastrup"]
[Date "2004.07.26"]
[Round "4"]
[White "Soraas, Torben"]
[Black "Trygstad, Kristian"]
[Result "0-1"]
[WhiteElo "2107"]
[BlackElo "2265"]
[PlyCount "80"]
[EventDate "2004.07.24"]
[EventType "swiss"]
[EventRounds "10"]
[EventCountry "DEN"]
[SourceDate "2004.01.01"]

1. e4 c5 2. Nc3 Nc6 3. g3 g6 4. d3 Bg7 5. Be3 d6 6. Qd2 e5 7. Bg2 Nge7 8. f4
exf4 9. Bxf4 O-O 10. Bh6 Nd4 11. Bxg7 Kxg7 12. Nge2 Nxe2 13. Qxe2 Nc6 14. O-O
Qg5 15. Rf4 Qe5 16. Raf1 Be6 17. Qd2 Rab8 18. a4 a6 19. Rh4 g5 20. Rh5 h6 21.
Bf3 f6 22. g4 Qd4+ 23. Kh1 Ne5 24. Qg2 Ng6 25. Qd2 Nf4 26. Ne2 Nxe2 27. Qxe2
Qxb2 28. Rh3 Qb4 29. Ra1 a5 30. Rg3 b5 31. axb5 Rxb5 32. Rgg1 Qc3 33. h4 Rb2
34. Rac1 a4 35. h5 a3 36. d4 Qxd4 37. e5 fxe5 38. Rcd1 Bc4 39. Qg2 Qe3 40. Ba8
Rf2 0-1

[Event "26. Copenhagen Open  (Politiken Cup)"]
[Site "Taastrup"]
[Date "2004.07.26"]
[Round "4"]
[White "Stolberg Rohr, Thomine"]
[Black "Laato, Antti"]
[Result "0-1"]
[WhiteElo "2043"]
[BlackElo "2210"]
[PlyCount "48"]
[EventDate "2004.07.24"]
[EventType "swiss"]
[EventRounds "10"]
[EventCountry "DEN"]
[SourceDate "2004.01.01"]

1. e4 e6 2. Nc3 d5 3. d3 Nf6 4. Qe2 Bb4 5. exd5 O-O 6. d6 cxd6 7. Bd2 Nc6 8.
Nf3 e5 9. Ne4 d5 10. Nxf6+ Qxf6 11. Bxb4 Nxb4 12. Qd2 e4 13. Qxb4 exf3 14.
O-O-O fxg2 15. Bxg2 Qg5+ 16. Kb1 Qxg2 17. Qd4 Qf3 18. Rhg1 g6 19. Rde1 Bd7 20.
h4 Rfe8 21. Rc1 Bc6 22. Rg5 Re6 23. h5 Qf6 24. Qg4 h6 0-1

[Event "26. Copenhagen Open  (Politiken Cup)"]
[Site "Taastrup"]
[Date "2004.07.26"]
[Round "4"]
[White "Sondergaard, Bent Hvid"]
[Black "Thomassen, Thomas"]
[Result "0-1"]
[WhiteElo "1488"]
[BlackElo "1860"]
[PlyCount "76"]
[EventDate "2004.07.24"]
[EventType "swiss"]
[EventRounds "10"]
[EventCountry "DEN"]
[SourceDate "2004.01.01"]

1. d4 d5 2. Nf3 Nf6 3. e3 e6 4. Bd3 c5 5. c3 Nc6 6. Nbd2 Be7 7. O-O O-O 8. Re1
Qc7 9. e4 dxe4 10. Nxe4 cxd4 11. cxd4 Nb4 12. Bb1 Rd8 13. a3 Nbd5 14. Qd3 g6
15. Ne5 Nxe4 16. Qxe4 Bf6 17. Nf3 b6 18. Bg5 Bb7 19. Qh4 Qe7 20. Be4 Bxg5 21.
Nxg5 f6 22. Nf3 Kg7 23. Ne5 Rab8 24. Nf3 Qd6 25. Rac1 Rbc8 26. g3 Rxc1 27. Rxc1
Rc8 28. Rxc8 Bxc8 29. Bxd5 Qxd5 30. Nd2 Bb7 31. f3 Qf5 32. Qf4 Qc2 33. Ne4 Qb1+
34. Kg2 Qxb2+ 35. Kh3 Bxe4 36. Qxe4 Qxa3 37. Qxe6 Qxf3 38. d5 Qf5+ 0-1

[Event "26. Copenhagen Open  (Politiken Cup)"]
[Site "Taastrup"]
[Date "2004.07.26"]
[Round "4"]
[White "Thomassen, Joachim"]
[Black "Lfstrand, Johannes"]
[Result "0-1"]
[WhiteElo "1462"]
[BlackElo "1856"]
[PlyCount "102"]
[EventDate "2004.07.24"]
[EventType "swiss"]
[EventRounds "10"]
[EventCountry "DEN"]
[SourceDate "2004.01.01"]

1. Nf3 Nf6 2. c4 e6 3. g3 b6 4. Bg2 Bb7 5. O-O Be7 6. Nc3 d6 7. Re1 c5 8. e4
Nc6 9. d4 cxd4 10. Nxd4 Nxd4 11. Qxd4 O-O 12. b3 a6 13. Bb2 Bc6 14. Rad1 Ra7
15. e5 Bxg2 16. exd6 Qa8 17. dxe7 Rxe7 18. Nd5 Bxd5 19. cxd5 Rd7 20. d6 b5 21.
Qh4 Qf3 22. Qd4 Rfd8 23. Qe5 Ne8 24. Ba3 Qc6 25. Rc1 Qb6 26. Bc5 Qb8 27. Red1
Rc8 28. Rc2 Qb7 29. Rcd2 Qc6 30. b4 Qf3 31. Rd4 Rcd8 32. R1d3 Qf6 33. Qe2 Qf5
34. Kg2 Nf6 35. Bb6 Rc8 36. Bc7 Nd5 37. Rxd5 exd5 38. Re3 g6 39. Re5 Qb1 40.
Re8+ Rxe8 41. Qxe8+ Kg7 42. Qe5+ f6 43. Qxd5 Qf5 44. Qc6 Qe6 45. Qc2 Kf7 46. h3
h5 47. h4 Kg7 48. Qd2 Qe5 49. f4 Qe4+ 50. Kh2 Qc4 51. Kg2 Qxc7 0-1

[Event "26. Copenhagen Open  (Politiken Cup)"]
[Site "Taastrup"]
[Date "2004.07.26"]
[Round "4"]
[White "Thorgeirsson, Sverrir"]
[Black "Bering, Anders"]
[Result "0-1"]
[WhiteElo "1360"]
[BlackElo "2084"]
[PlyCount "50"]
[EventDate "2004.07.24"]
[EventType "swiss"]
[EventRounds "10"]
[EventCountry "DEN"]
[SourceDate "2004.01.01"]

1. e4 c5 2. Nf3 d6 3. d4 cxd4 4. Nxd4 Nf6 5. Nc3 g6 6. Bb5+ Bd7 7. Bxd7+ Nbxd7
8. O-O Bg7 9. Qe2 O-O 10. Nb3 Rc8 11. Be3 a6 12. f4 Qc7 13. Rad1 b5 14. a3 Nb6
15. Bxb6 Qxb6+ 16. Qf2 Qc7 17. h3 a5 18. Rd4 Nh5 19. Rd3 Nf6 20. Qd4 Ng4 21.
Qd5 Qb6+ 22. Nd4 Ne3 23. Qxb5 Bxd4 24. Qxb6 Bxb6 25. Na4 Ba7 0-1

[Event "26. Copenhagen Open  (Politiken Cup)"]
[Site "Taastrup"]
[Date "2004.07.26"]
[Round "4"]
[White "Tidman, Sophie E"]
[Black "Bjornsson, Sigurbjorn"]
[Result "0-1"]
[WhiteElo "2133"]
[BlackElo "2315"]
[PlyCount "60"]
[EventDate "2004.07.24"]
[EventType "swiss"]
[EventRounds "10"]
[EventCountry "DEN"]
[SourceDate "2004.01.01"]

1. e4 e5 2. Nf3 Nc6 3. Bb5 a6 4. Bxc6 dxc6 5. O-O f6 6. d4 Bg4 7. dxe5 Qxd1 8.
Rxd1 fxe5 9. b3 Nf6 10. Bb2 Bd6 11. Nbd2 O-O 12. h3 Bh5 13. g4 Bg6 14. Nxe5
Bxe4 15. Nxe4 Nxe4 16. f3 Bxe5 17. Bxe5 Ng5 18. Kg2 Nxf3 19. Bxc7 Rae8 20. Rd3
Ne1+ 21. Rxe1 Rxe1 22. Rd2 Rfe8 23. Kf2 R1e3 24. h4 R3e4 25. Kf3 h5 26. g5 Rxh4
27. Bf4 Rf8 28. Rd4 Rhxf4+ 29. Rxf4 Rxf4+ 30. Kxf4 Kf7 0-1

[Event "26. Copenhagen Open  (Politiken Cup)"]
[Site "Taastrup"]
[Date "2004.07.26"]
[Round "4"]
[White "Tuomainen, Jari"]
[Black "Gaspariants, Garry"]
[Result "1/2-1/2"]
[WhiteElo "1767"]
[BlackElo "2293"]
[PlyCount "51"]
[EventDate "2004.07.24"]
[EventType "swiss"]
[EventRounds "10"]
[EventCountry "DEN"]
[SourceDate "2004.01.01"]

1. d4 Nf6 2. Nf3 e6 3. e3 b6 4. g3 Bb7 5. Bg2 Be7 6. O-O O-O 7. c4 c5 8. Nc3
cxd4 9. Nxd4 Bxg2 10. Kxg2 Qc8 11. Qe2 Nc6 12. Bd2 Qb7 13. Qf3 Rac8 14. Rfc1
Rfd8 15. Ne4 Qa8 16. Nxf6+ Bxf6 17. Bc3 Ne5 18. Qxa8 Rxa8 19. Nf3 Nd3 20. Bxf6
gxf6 21. Rc2 Rac8 22. Rd2 Ne5 23. Nxe5 fxe5 24. b3 Kf8 25. Rad1 Ke7 26. Kf3
1/2-1/2

[Event "26. Copenhagen Open  (Politiken Cup)"]
[Site "Taastrup"]
[Date "2004.07.26"]
[Round "4"]
[White "Tuomisto, Keijo"]
[Black "Marcussen, Johnni A"]
[Result "1-0"]
[WhiteElo "1951"]
[BlackElo "1359"]
[PlyCount "53"]
[EventDate "2004.07.24"]
[EventType "swiss"]
[EventRounds "10"]
[EventCountry "DEN"]
[SourceDate "2004.01.01"]

1. e4 e5 2. Bc4 Nc6 3. Nc3 Nf6 4. d3 h6 5. f4 exf4 6. Nf3 d6 7. Bxf4 Be6 8. O-O
Bxc4 9. dxc4 Be7 10. Qe2 O-O 11. Rad1 Qc8 12. h3 Nh5 13. Bh2 Qe6 14. Nd5 Rac8
15. b4 Nf6 16. Rfe1 Ne5 17. Nf4 Nxf3+ 18. gxf3 Qd7 19. e5 Nh7 20. Rd3 Qf5 21.
Nd5 Qg5+ 22. Kh1 dxe5 23. Rg1 Qh4 24. Rg4 Qxh3 25. Nxe7+ Kh8 26. Nxc8 Rxc8 27.
Qg2 1-0

[Event "26. Copenhagen Open  (Politiken Cup)"]
[Site "Taastrup"]
[Date "2004.07.26"]
[Round "4"]
[White "Vuilleumier, Alex"]
[Black "Gullaksen, Eirik T"]
[Result "0-1"]
[WhiteElo "2259"]
[BlackElo "2390"]
[PlyCount "60"]
[EventDate "2004.07.24"]
[EventType "swiss"]
[EventRounds "10"]
[EventCountry "DEN"]
[SourceDate "2004.01.01"]

1. e4 e5 2. Nf3 Nc6 3. Bb5 a6 4. Ba4 Nf6 5. O-O b5 6. Bb3 Bc5 7. c3 d6 8. d4
Bb6 9. a4 Rb8 10. h3 h6 11. Qd3 Bd7 12. Na3 O-O 13. axb5 axb5 14. d5 Ne7 15.
Kh2 Nh5 16. g4 Nf4 17. Bxf4 exf4 18. e5 dxe5 19. Nxe5 Be8 20. Qe4 Qd6 21. Qxf4
Nxd5 22. Qg3 c6 23. Nxb5 Qf6 24. Ng6 Rd8 25. Nxf8 cxb5 26. Nd7 Rxd7 27. Ra8 Kf8
28. Re1 Ne7 29. Kg2 Rd2 30. Rf1 Ng6 {Time} 0-1

[Event "26. Copenhagen Open  (Politiken Cup)"]
[Site "Taastrup"]
[Date "2004.07.26"]
[Round "4"]
[White "Ziska, Helgi Dam"]
[Black "Thestrup, Sixten"]
[Result "1-0"]
[WhiteElo "1604"]
[BlackElo "1917"]
[PlyCount "41"]
[EventDate "2004.07.24"]
[EventType "swiss"]
[EventRounds "10"]
[EventCountry "DEN"]
[SourceDate "2004.01.01"]

1. e4 d6 2. d4 Nf6 3. Nc3 g6 4. Be3 Bg7 5. Qd2 O-O 6. f3 c6 7. Bh6 b5 8. h4 e5
9. Bxg7 Kxg7 10. O-O-O Qa5 11. Kb1 b4 12. Nce2 Be6 13. Nc1 Qb6 14. h5 a5 15. g4
a4 16. hxg6 fxg6 17. Qh6+ Kg8 18. g5 Nh5 19. Rxh5 gxh5 20. Qxe6+ Rf7 21. Bc4
1-0

[Event "26. Copenhagen Open  (Politiken Cup)"]
[Site "Taastrup"]
[Date "2004.07.27"]
[Round "5"]
[White "Aabling Thomsen, Jakob"]
[Black "Tuomisto, Keijo"]
[Result "1-0"]
[WhiteElo "2139"]
[BlackElo "1951"]
[PlyCount "55"]
[EventDate "2004.07.24"]
[EventType "swiss"]
[EventRounds "10"]
[EventCountry "DEN"]
[SourceDate "2004.01.01"]

1. e4 d5 2. exd5 Qxd5 3. Nc3 Qa5 4. Bc4 c6 5. d4 Nf6 6. Bd2 Bf5 7. Nd5 Qd8 8.
Nxf6+ gxf6 9. c3 b5 10. Bb3 b4 11. Ne2 bxc3 12. Bxc3 Be4 13. Nf4 Rg8 14. Qe2
Bf5 15. O-O-O Bh6 16. g3 Qc7 17. Bxf7+ Kxf7 18. Qh5+ Rg6 19. Qxf5 Bxf4+ 20.
gxf4 e6 21. Qe4 Nd7 22. f5 exf5 23. Qxf5 Nb6 24. d5 Re8 25. Bxf6 cxd5+ 26. Bc3+
Kg8 27. Rhg1 Ree6 28. Qxe6+ 1-0

[Event "26. Copenhagen Open  (Politiken Cup)"]
[Site "Taastrup"]
[Date "2004.07.27"]
[Round "5"]
[White "Abrahamsson, Daniel"]
[Black "Andersson, Christin"]
[Result "1/2-1/2"]
[WhiteElo "1803"]
[BlackElo "2196"]
[PlyCount "73"]
[EventDate "2004.07.24"]
[EventType "swiss"]
[EventRounds "10"]
[EventCountry "DEN"]
[SourceDate "2004.01.01"]

1. e4 e6 2. d4 d5 3. exd5 exd5 4. c4 Bb4+ 5. Nc3 Nf6 6. Bd3 O-O 7. Nge2 dxc4 8.
Bxc4 c5 9. a3 Bxc3+ 10. bxc3 Nc6 11. O-O cxd4 12. cxd4 Bf5 13. Bf4 Rc8 14. Bd3
Bxd3 15. Qxd3 Qd5 16. Rfd1 Rfe8 17. Rac1 Rcd8 18. Be3 Ng4 19. Nf4 Qd6 20. h3
Nxe3 21. fxe3 Qh6 22. Rf1 g5 23. Ne2 g4 24. Rf4 gxh3 25. Rf3 hxg2 26. Kxg2 Kh8
27. Rg3 Rg8 28. Rh1 Rxg3+ 29. Nxg3 Qg7 30. Qf5 Rg8 31. Rh3 Qg6 32. Kf3 Ne7 33.
Qe5+ Qg7 34. Qxe7 Qg4+ 35. Kf2 Qxh3 36. Qf6+ Rg7 37. Qd8+ 1/2-1/2

[Event "26. Copenhagen Open  (Politiken Cup)"]
[Site "Taastrup"]
[Date "2004.07.27"]
[Round "5"]
[White "Adnoy, Hallvard V"]
[Black "Brasoy, Aksel"]
[Result "1/2-1/2"]
[WhiteElo "2204"]
[BlackElo "2004"]
[PlyCount "81"]
[EventDate "2004.07.24"]
[EventType "swiss"]
[EventRounds "10"]
[EventCountry "DEN"]
[SourceDate "2004.01.01"]

1. e4 c5 2. Nf3 e6 3. d3 Nc6 4. g3 g6 5. Bg2 Bg7 6. O-O Nge7 7. Re1 d6 8. c3
O-O 9. Be3 e5 10. Qd2 Bg4 11. Bh6 Qd7 12. Na3 Rac8 13. Nc2 f6 14. Rad1 d5 15.
Bxg7 Kxg7 16. exd5 Nxd5 17. d4 exd4 18. cxd4 c4 19. Ne3 Ncb4 20. Nxg4 Qxg4 21.
Nh4 Qd7 22. a3 Nc6 23. Be4 Rfe8 24. Ng2 b5 25. Bxd5 Qxd5 26. Nf4 Qf5 27. d5 Ne5
28. Kg2 Nd3 29. Re3 Nxf4+ 30. gxf4 Qg4+ 31. Rg3 Qd7 32. h4 Qf5 33. Qa5 Qxf4 34.
Qxa7+ Qc7 35. Qa6 Qd7 36. Rd4 Ra8 37. Qb6 Rab8 38. Qc5 Rbc8 39. Qb4 Re5 40. Qd2
Qd6 41. b3 1/2-1/2

[Event "26. Copenhagen Open  (Politiken Cup)"]
[Site "Taastrup"]
[Date "2004.07.27"]
[Round "5"]
[White "Al Saad, Mofid"]
[Black "Lynge, Torben"]
[Result "1-0"]
[WhiteElo "1493"]
[BlackElo "1916"]
[PlyCount "73"]
[EventDate "2004.07.24"]
[EventType "swiss"]
[EventRounds "10"]
[EventCountry "DEN"]
[SourceDate "2004.01.01"]

1. d4 d5 2. c4 e6 3. Nf3 Nf6 4. Nc3 Nbd7 5. e3 c6 6. Bd3 dxc4 7. Bxc4 Nb6 8.
Bd3 Bd6 9. e4 Bc7 10. Bg5 h6 11. Bh4 g5 12. e5 Nfd5 13. Bg3 Qe7 14. O-O Bd7 15.
Ne4 O-O-O 16. Nd6+ Bxd6 17. exd6 Qf8 18. a4 f5 19. Be5 Nf6 20. a5 Nbd5 21. Qb3
Rg8 22. Rfc1 Ne4 23. Bxe4 fxe4 24. Nd2 Qf5 25. Nc4 Rdf8 26. Rf1 Nf4 27. a6 b5
28. Ne3 Qf7 29. Kh1 g4 30. Rac1 Kd8 31. Qa3 Nd3 32. Qa5+ Ke8 33. Qc7 Nxf2+ 34.
Kg1 Nh3+ 35. gxh3 gxh3+ 36. Bg3 Qh5 37. Qb8+ 1-0

[Event "26. Copenhagen Open  (Politiken Cup)"]
[Site "Taastrup"]
[Date "2004.07.27"]
[Round "5"]
[White "Andersen, Daniel"]
[Black "Eiholt, Bjarne"]
[Result "1-0"]
[WhiteElo "2044"]
[BlackElo "1542"]
[PlyCount "69"]
[EventDate "2004.07.24"]
[EventType "swiss"]
[EventRounds "10"]
[EventCountry "DEN"]
[SourceDate "2004.01.01"]

1. Nf3 d5 2. g3 Bg4 3. Bg2 c6 4. b3 f6 5. d4 Nd7 6. Bb2 e6 7. c4 Bd6 8. Nbd2
Ne7 9. e4 dxe4 10. Nxe4 Bb4+ 11. Ned2 O-O 12. a3 Bxd2+ 13. Qxd2 Qb6 14. Qe3 e5
15. O-O Rae8 16. Qc3 Ng6 17. Rad1 e4 18. Nd2 Bxd1 19. Rxd1 Re7 20. Nxe4 Qc7 21.
c5 Rd8 22. Nd6 b6 23. b4 bxc5 24. dxc5 Nde5 25. h3 Red7 26. Qb3+ Kf8 27. Bxe5
Nxe5 28. h4 Nf7 29. Bh3 Re7 30. Qd3 g6 31. h5 Ne5 32. Qc2 f5 33. Qc3 Rg7 34.
Qxe5 Qd7 35. h6 1-0

[Event "26. Copenhagen Open  (Politiken Cup)"]
[Site "Taastrup"]
[Date "2004.07.27"]
[Round "5"]
[White "Andersen, Rune Egede"]
[Black "Nielsen, Rasmus Lundberg"]
[Result "1-0"]
[WhiteElo "2092"]
[BlackElo "1760"]
[PlyCount "37"]
[EventDate "2004.07.24"]
[EventType "swiss"]
[EventRounds "10"]
[EventCountry "DEN"]
[SourceDate "2004.01.01"]

1. e4 e5 2. Nc3 Bc5 3. Bc4 Nf6 4. d3 h6 5. f4 d6 6. Nf3 a6 7. Rf1 Nc6 8. a3 O-O
9. f5 Ng4 10. Nd5 Nf6 11. Nxf6+ Qxf6 12. g4 Nd4 13. g5 hxg5 14. Nxd4 Bxd4 15.
Qg4 d5 16. Bxg5 Qb6 17. Bxd5 Qxb2 18. Bh6 Qc3+ 19. Kd1 1-0

[Event "26. Copenhagen Open  (Politiken Cup)"]
[Site "Taastrup"]
[Date "2004.07.27"]
[Round "5"]
[White "Asbjornsson, Ingvar"]
[Black "Eddy, Samuel"]
[Result "1/2-1/2"]
[WhiteElo "1275"]
[BlackElo "2048"]
[PlyCount "69"]
[EventDate "2004.07.24"]
[EventType "swiss"]
[EventRounds "10"]
[EventCountry "DEN"]
[SourceDate "2004.01.01"]

1. d4 e6 2. c4 b6 3. Nc3 Bb7 4. e4 Bb4 5. Nge2 Bxe4 6. a3 Bxc3+ 7. Nxc3 Bb7 8.
Qg4 Qf6 9. Nb5 Na6 10. Bf4 Nh6 11. Qg3 Nf5 12. Qc3 O-O 13. O-O-O c5 14. Be5
cxd4 15. Bxd4 Nxd4 16. Qxd4 Qxd4 17. Rxd4 d5 18. Nd6 Nc5 19. Kb1 Bc6 20. b4 Nb3
21. Rd3 dxc4 22. Rd1 b5 23. Nxc4 bxc4 24. Bxc4 Bd5 25. Bxd5 exd5 26. Kb2 Na5
27. bxa5 Rab8+ 28. Ka2 Rb5 29. a6 Rfb8 30. Rd2 Kf8 31. Rc1 Ra5 32. Rc7 Rxa6 33.
Rxd5 Rab6 34. Rd2 a6 35. Rc3 1/2-1/2

[Event "26. Copenhagen Open  (Politiken Cup)"]
[Site "Taastrup"]
[Date "2004.07.27"]
[Round "5"]
[White "Asbjornsson, Sverrir"]
[Black "Jensen, Brian W"]
[Result "0-1"]
[WhiteElo "1000"]
[BlackElo "1623"]
[PlyCount "106"]
[EventDate "2004.07.24"]
[EventType "swiss"]
[EventRounds "10"]
[EventCountry "DEN"]
[SourceDate "2004.01.01"]

1. d4 Nf6 2. c4 d6 3. Nf3 g6 4. e3 Bg7 5. Bd3 O-O 6. O-O Bg4 7. h3 Bxf3 8. Qxf3
c6 9. Nc3 Nbd7 10. e4 e5 11. d5 cxd5 12. cxd5 a6 13. Bg5 h6 14. Bxf6 Qxf6 15.
Qxf6 Bxf6 16. f3 Bg5 17. Kf2 Rac8 18. g3 Bd2 19. Ne2 Nc5 20. Bc2 Rc7 21. Rfd1
Ba5 22. Rac1 Rfc8 23. Kg2 b5 24. Bb3 Nxb3 25. axb3 Rc2 26. Kf1 b4 27. Ra1 R8c5
28. Rab1 Bb6 29. Rdc1 Rd2 30. Rxc5 dxc5 31. Ke1 Rd3 32. Kf2 c4+ 33. Kg2 Rxb3
34. Rc1 Rxb2 35. Kf1 c3 36. Nxc3 bxc3 37. Rxc3 Rb1+ 38. Ke2 Rb2+ 39. Kf1 Rb1+
40. Ke2 a5 41. Rc8+ Kg7 42. Rb8 Kf6 43. Kd2 a4 44. Kc2 Rb5 45. Ra8 Ba5 46. Ra6+
Ke7 47. Ra7+ Kd6 48. Ra6+ Kc5 49. Rc6+ Kd4 50. Kc1 Rc5+ 51. Rxc5 Kxc5 52. Kb2
Bb4 53. Kc2 Kd4 0-1

[Event "26. Copenhagen Open  (Politiken Cup)"]
[Site "Taastrup"]
[Date "2004.07.27"]
[Round "5"]
[White "Auchenberg, Einar"]
[Black "Jensen, Jan Erik"]
[Result "1/2-1/2"]
[WhiteElo "1486"]
[BlackElo "1259"]
[PlyCount "93"]
[EventDate "2004.07.24"]
[EventType "swiss"]
[EventRounds "10"]
[EventCountry "DEN"]
[SourceDate "2004.01.01"]

1. d4 d5 2. Nc3 Bf5 3. Bg5 h6 4. Bh4 g5 5. Bg3 e6 6. f3 Nf6 7. Qd2 Bd6 8. O-O-O
Nh5 9. Bxd6 Qxd6 10. g4 Bxg4 11. fxg4 Nf4 12. e3 Ng6 13. Nh3 Nc6 14. e4 dxe4
15. Nxe4 Qe7 16. Bb5 O-O 17. Bxc6 bxc6 18. Nc5 Rab8 19. c3 Rb6 20. Qc2 Rfb8 21.
Rde1 Qd6 22. Nxe6 Rxb2 23. Qxb2 Rxb2 24. Kxb2 fxe6 25. Re4 a6 26. a3 Kg7 27. c4
a5 28. c5 Qd5 29. Rhe1 a4 30. R1e3 Kf7 31. Nf2 Nf4 32. h4 Kg7 33. hxg5 hxg5 34.
Rc3 Kf6 35. Rf3 Ke7 36. Rc3 Qd8 37. Rc4 Nd5 38. Rxa4 Qb8+ 39. Kc2 Qb5 40. Rb4
Nxb4+ 41. axb4 Qxb4 42. Nd3 Qa4+ 43. Kc3 Qa3+ 44. Kd2 Qa2+ 45. Ke3 Qg2 46. Ne5
Qg1+ 47. Ke2 1/2-1/2

[Event "26. Copenhagen Open  (Politiken Cup)"]
[Site "Taastrup"]
[Date "2004.07.27"]
[Round "5"]
[White "Baark, Mathias"]
[Black "Soraas, Torben"]
[Result "0-1"]
[WhiteElo "1811"]
[BlackElo "2107"]
[PlyCount "42"]
[EventDate "2004.07.24"]
[EventType "swiss"]
[EventRounds "10"]
[EventCountry "DEN"]
[SourceDate "2004.01.01"]

1. f4 Nf6 2. Nf3 c5 3. d3 d5 4. g3 b6 5. Bg2 Bb7 6. O-O e6 7. e4 dxe4 8. Ng5 h6
9. Nxe4 Qd4+ 10. Nf2 Bxg2 11. Kxg2 Nc6 12. Nc3 Be7 13. Qf3 Qd7 14. Be3 O-O 15.
g4 Nd4 16. Bxd4 cxd4 17. Ncd1 Nd5 18. c4 dxc3 19. bxc3 Rac8 20. d4 Qc6 21. Rc1
Nxf4+ 0-1

[Event "26. Copenhagen Open  (Politiken Cup)"]
[Site "Taastrup"]
[Date "2004.07.27"]
[Round "5"]
[White "Backelin, Rikard"]
[Black "Brondum, Eric"]
[Result "1-0"]
[WhiteElo "2292"]
[BlackElo "2209"]
[PlyCount "93"]
[EventDate "2004.07.24"]
[EventType "swiss"]
[EventRounds "10"]
[EventCountry "DEN"]
[SourceDate "2004.01.01"]

1. e4 c5 2. Nf3 d6 3. Bc4 e6 4. O-O Nf6 5. d3 Be7 6. c3 O-O 7. Bb3 Nc6 8. Nbd2
a6 9. Re1 b5 10. Nf1 Bb7 11. Ng3 Ne5 12. Bf4 Ng6 13. Bd2 Ne5 14. Bc2 Rc8 15. h3
Qb6 16. Nh2 Rfe8 17. f4 Ng6 18. Ng4 b4 19. Nxf6+ Bxf6 20. Nh5 Bh4 21. g3 Be7
22. Qg4 Qc6 23. a3 f5 24. Qf3 fxe4 25. dxe4 b3 26. Bxb3 c4 27. Bc2 Qb6+ 28. Be3
Qxb2 29. Qf2 Qb5 30. Qe2 Qc6 31. Qg4 Bf8 32. Rab1 d5 33. Rb6 Qc7 34. Reb1 Bc6
35. e5 Bb5 36. Bxg6 hxg6 37. Qxg6 Kh8 38. Rd6 Re7 39. Bb6 Qb7 40. Bd4 Be8 41.
Rxb7 Bxg6 42. Rxe7 Bxe7 43. Rxe6 Bc5 44. Bxc5 Bf5 45. Rd6 Rxc5 46. g4 Bd3 47.
e6 1-0

[Event "26. Copenhagen Open  (Politiken Cup)"]
[Site "Taastrup"]
[Date "2004.07.27"]
[Round "5"]
[White "Bae, Torstein"]
[Black "Andersen, Rune"]
[Result "1-0"]
[WhiteElo "2269"]
[BlackElo "2042"]
[PlyCount "67"]
[EventDate "2004.07.24"]
[EventType "swiss"]
[EventRounds "10"]
[EventCountry "DEN"]
[SourceDate "2004.01.01"]

1. e4 c5 2. Nf3 Nc6 3. d4 cxd4 4. Nxd4 g6 5. c4 Bg7 6. Be3 Nf6 7. Nc3 O-O 8.
Be2 d6 9. O-O Bd7 10. h3 Nxd4 11. Bxd4 Bc6 12. Qd3 e5 13. Be3 Qe7 14. b4 b6 15.
a4 Rfd8 16. a5 bxa5 17. Rxa5 Qb7 18. b5 Bxe4 19. Nxe4 Nxe4 20. Bf3 f5 21. Rfa1
d5 22. Rxa7 Rxa7 23. Rxa7 Qb8 24. Qa3 Bf8 25. Qa6 Rd6 26. Ra8 Rxa6 27. Rxb8
Ra1+ 28. Kh2 f4 29. Bxe4 fxe3 30. Bxd5+ Kg7 31. fxe3 Bc5 32. b6 Kh6 33. b7 e4
34. Rd8 1-0